000 01173cam a2200253 i 4500
008
020 _a0444854347
049 _aMAIN
090 _aQC794.6.C6
_bINT
111 2 _aInternational Conference on the Physics of Electronic and Atomic Collisions
_n(11th :
_d1979 :
_cKyoto, Japan)
245 1 0 _aElectronic and atomic collisions :
_bproceedings of the XIth International Conference on the Physics of Electronic and Atomic Collisions, Kyoto, 29 August-4 September 1979 : invited papers and progress reports /
_cedited by N. Oda and K. Takayanagi.
260 _aAmsterdam ;
_aNew York :
_bNorth-Holland Pub. Co. ;
_aNew York :
_bsole distributors for the U.S.A. and Canada, Elsevier North-Holland, Inc.,
_c1980.
300 _axiii, 844 p. :
_bill. ;
_c23 cm.
504 _aIncludes bibliographical references and index.
650 0 _aCollisions (Nuclear physics)
_vCongresses.
650 0 _aElectrons
_xScattering
_vCongresses.
700 1 _aOda, Nobuo.
700 1 _aTakayanagi, Kazuo.
907 _a.b10048327
_b21-09-12
_c17-04-03
003
005 20230123133221.0
040 _cNUST
942 _cBOOKS
_kQC794.6.C6
_mINT
999 _c144751
_d144751